|
|
|
|
| LEADER |
00995nam a2200313 a 4500 |
| 001 |
000581573 |
| 003 |
CZ BrMZK |
| 005 |
20251111120336.0 |
| 007 |
ta |
| 008 |
010825s2001 xr f 000 0 cze d |
| 015 |
|
|
|a cnb001036100
|
| 020 |
|
|
|a 80-241-0727-9
|
| 035 |
|
|
|a (OCoLC)50347481
|
| 040 |
|
|
|a BOA001
|b cze
|
| 041 |
1 |
|
|a cze
|h eng
|
| 080 |
|
|
|a 82-312.5
|2 MRF
|
| 100 |
1 |
|
|a McAllister, Anne
|7 mzk2005271903
|4 aut
|
| 245 |
1 |
0 |
|a Pouto nejsilnější /
|c Anne McAllisterová ; [překlad Břetislav Čenda]
|
| 260 |
|
|
|a Praha :
|b Harlequin,
|c c2001
|
| 300 |
|
|
|a 160 s. ;
|c 17 cm
|
| 490 |
1 |
|
|a Vánoční desire ;
|v 13 (KV 01/01)
|
| 500 |
|
|
|a Přeloženo z angličtiny
|
| 655 |
|
7 |
|a milostné romány
|7 fd132840
|2 czenas
|
| 700 |
1 |
|
|a Čenda, Břetislav
|7 xx0033335
|4 trl
|
| 765 |
0 |
|
|t Cowboy's gift
|9 Česky
|
| 830 |
|
0 |
|a Vánoční desire
|
| 910 |
|
|
|a BOA001
|b 1-1095.269
|
| 990 |
|
|
|a BK
|
| 996 |
6 |
|
|b 2610151284
|c 1-1095.269
|l MZK
|r Sklad / do 1 hodiny
|n 4
|p p.v.
|w 000581573
|u 000010
|a 1
|e BOA001
|j MZK50
|s P
|